000 00848nam a2200217Ii 4500
003 JO-AjNU
008 230605s9999||||xx |||||||||||||| ||und||
017 _a88/5001
040 _aJO-AjNU
_bara
_erda
_cJO-AjNU
041 _aara
050 1 4 _ak1530.k55.1988
100 3 _aالكيلاني، محمود ,
_eauthor
_946982
245 0 0 _aعقود التجارة الدولية في مجال نقل التكنولوجيا : دراسة تطبيقية
250 _a(د،ط)
264 3 1 _aد ، م : د ، ن ،1988
300 _a662ص
336 _atext
_btxt
_2rdacontent
337 _aunmediated
_bn
_2rdamedia
338 _avolume
_bnc
_2rdacarrier
650 4 _aنقل التكنولوجيا - قوانيين وتشريعات - القانون التجاري - العقود التجارية - القانون الدولي التجاري
_946983
999 _aA20478
_c24046
_d24046